Luis Buñuel: el doble arco de la belleza y de la rebeldía

Uloženo v:
Podrobná bibliografie
Hlavní autor: Paz, Octavio (autor)
Médium: Kniha
Jazyk:španělština
Vydáno: Ciudad de México Fondo de Cultura Económica 2012
Témata:
Tagy: Přidat tag
Žádné tagy, Buďte první, kdo vytvoří štítek k tomuto záznamu!

MARC

LEADER 00000cam a2200000 a 4500
001 UCF3209
003 CL-VaPUC
005 20230329144238.0
008 121004e20120000MX |||||||||||||||||spa|d
999 |c 349691  |d 349689 
020 |a 9786071609403 
040 |c Pontificia Universidad Católica de Valparaíso 
082 0 4 |a 791.430946  |b PAZ  |2 21 
100 |a Paz, Octavio  |e autor  |9 321638 
245 1 0 |a Luis Buñuel: el doble arco de la belleza y de la rebeldía 
260 |a Ciudad de México  |b Fondo de Cultura Económica  |c 2012 
300 |a 80 p 
583 |a last modification  |c 20121004 18:42:00  |k Rodrigo Vera 
600 |a Buñuel, Luis   |d 1900-1983  |x Biografías  |9 881032 
600 |a Buñuel, Luis   |d 1900-1983  |x Crítica e interpretación   |9 881033 
650 0 |a Directores de cine  |9 368705 
942 |c BK  |2 ddc 
945 |d 20121004 00:00:00  |a dcastane 
952 |0 0  |1 0  |4 0  |6 791_430946000000000_PAZ_2012  |7 0  |8 R  |9 452421  |a BIBART  |b BIBART  |d 2019-11-22  |i 4906322  |o 791.430946 PAZ 2012  |p 4906322  |r 2025-03-13  |w 2019-11-22  |y BK_R  |k ART